Biblioteca

Who shall ascend : (Registro nro. 70957)

Detalles MARC
000 -LÍDER
Campo fijo de descripción fija 01792nam a2200325 i 4500
001 - NÚMERO DE CONTROL
Campo de control 768714001
003 - IDENTIFICADOR DEL NÚMERO DE CONTROL
Campo de control CO-MdFUSB
005 - FECHA Y HORA DE LA ULTIMA TRANSACCIÓN
control field 20260327145332.0
007 - CAMPO FIJO DE DESCRIPCIÓN FIJA--INFORMACIÓN GENERAL
Campo fijo de descripción fija ta
008 - ELEMENTOS DE LONGITUD FIJA -- INFORMACIÓN GENERAL
Campo fijo de descripción fija -- Información general 240922t1968 -usab||| |||| 001 0beng d
040 ## - FUENTE DE CATALOGACIÓN
Idioma de catalogación spa.
Agencia de catalogación original CO-MdFUSB
Agencia que realiza la transcripción CO-MdFUSB
Agencia que realiza la modificación CO-MdFUSBC
Convenciones de la descripción rda
041 ## - CÓDIGO DE IDIOMA
Código de idioma para texto/pista de sonido o título separado eng
082 ## - NÚMERO DE CLASIFICACIÓN DECIMAL DEWEY
Número de la edición del Dewey 23
Número de clasificación 266.0092
Clave de autor-Numero de item EL46
100 ## - ASIENTO PRINCIPAL--NOMBRE PERSONAL
Nombre personal Elliot, Elisabeth
Fechas asociadas con el nombre 1926-2015
Término relacionador autor
245 1# - TÍTULO
Título del Material Who shall ascend :
Parte restante del título - Subtitulo the life of R. Kenneth Strachan of Costa Rica
Mención de responsabilidad, etc. / Elisabeth Elliot
264 #1 - PRODUCCIÓN, PUBLICACIÓN, DISTRIBUCIÓN, MANUFACTURA, Y COPYRIGHT
Lugar de producción, publicación, distribución, manufactura New York, Estados Unidos :
Nombre del productor, publicador, distribuidor Harper and Row,
Fecha de producción, publicación, distribución, manufactura, o copyright [1968]
264 #4 - PRODUCCIÓN, PUBLICACIÓN, DISTRIBUCIÓN, MANUFACTURA, Y COPYRIGHT
Fecha de producción, publicación, distribución, manufactura, o copyright ©1968
300 ## - DESCRIPCIÓN FÍSICA
Extensión 171 páginas :
Otros detalles físicos mapa, retratos
Dimensiones ; 22 cm.
336 ## - TIPO DE CONTENIDO
Fuente rdacontent
Término de tipo de contenido texto
Código de tipo de contenido txt
337 ## - TIPO DE MEDIO
Fuente rdamedia
Nombre del tipo de medio sin mediación
Código del tipo de medio n
338 ## - TIPO DE SOPORTE
Fuente rdacarrier
Nombre del tipo de soporte volumen
Código Tipo de soporte nc
500 ## - NOTA GENERAL
Nota General Incluye índice, mapas
520 ## - NOTA DE RESUMEN, ETC.
Nota de sumario, etc. Quién ascenderá es a la vez una vívida biografía de un hombre con el que todos los cristianos pueden identificarse y un estudio provocador de las paradojas de la fe.<br/>Desde su amada Costa Rica, donde dirigió la pionera Misión Latinoamericana, hasta el Madison Square Garden de Nueva York, donde, junto a Billy Graham, se dirigió a una multitud de 17.000 personas, Kenneth Strachan cambió la vida de innumerables personas. Aclamado en todas partes como un gran líder misionero evangélico, este hombre sufrió, no obstante, las agonías de la duda sobre sí mismo, de la falta de fe en sí mismo, de un curioso aislamiento de los demás. Mientras que para ellos era una roca de fortaleza, un hombre de calidez y amor sin límites, para él mismo parecía un fracaso, lleno de debilidades e imperfecciones.<br/>
563 ## - NOTA DE ENCUADERNACIÓN
Nota de encuadernación Pasta dura
650 #7 - ASIENTO SECUNDARIO DE MATERIA - TERMINO TEMÁTICO
Término temático o nombre geográfico como elemento de entrada Biografía
9 (RLIN) 409
650 #0 - ASIENTO SECUNDARIO DE MATERIA - TERMINO TEMÁTICO
Término temático o nombre geográfico como elemento de entrada Misiones
9 (RLIN) 154
942 ## - TIPO DE MATERIAL (KOHA)
Tipo de Item KOHA Libros General
945 ## - INFORMACIÓN LOCAL DEL REGISTRO
Catalogador Catherine Arias Alvarez
Existencias
Estado de Material Estado de Perdido Forma de Clasificación Volumen-Parte/Tomo Estado de Dañado No para Préstamo Colección Tomo Biblioteca de Origen Biblioteca Permanente Fecha de Adquisición Total de Préstamos Signatura Topográfica Código de Barras Última vez visto Ejemplar/Existencia Fecha de Remplazo Tipo de Material
    Dewey Decimal Classification       Colección General   Biblioteca FUSBC Biblioteca FUSBC 20/09/2024   G 266.0092 EL46w 25033 22/09/2024 Ej. 1 22/09/2024 Libros General

Biblioteca FUSBC | Teléfono: (57+4) 349 88 10 Ext. 141| WhatsApp (+57) 3005338115 
E-mail: biblioteca@unisbc.edu.co | Calle 76 87-14 Robledo Palenque, Medellín, Colombia

Con tecnología Koha